01999nam a2200337 a 450000100100000000500170001000800410002702000180006804000250008608200250011110000570013624500930019326000600028630000400034649000400038650000710042650400310049759000270052865000640055565000680061965000680068765000540075565100540080991000370086395201380090095201380103895201230117695201290129995202160142899900170164400003680720240508073817.0120201s2011 dr ah 001 0 spa d a9789945074406 aDO-SdBNPbspacBNPHU a306.362097293bG643d1 aGonzález de Peña, Raymundo Manuel,d1961-96314810aDe esclavos a campesinos :bvida rural en Santo Domingo colonial /cRaymundo González. aSanto Domingo :bArchivo General de la Nación,c2011. a185 p. :bil., facsíms. ;c24 cm.1 aArchivo General de la Naciónv148 aIncluye datos biográficos del autor en la solapa de la cubierta. aBibliografía: p.161-169. aInventariado, 2018/MFF 4aEsclavitud en república dominicanaxEmancipación963149 4aNegrosxVida social y costumbreszRepública Dominicana940538 4aCampesinosxCondiciones socialeszRepública Dominicana963150 4aSociología ruralzRepública Dominicana963151 4aRepública DominicanaxCondiciones Rurales99403 aValidado. Control de calidad EMS 001054708DSaGRbGRcHDd2012-02-01iLF1l0o306.362097293 G643dp36807-30r2020-06-25te. 3w2020-06-25yLFDSZPréstamo en sala 001054708DSaGRbGRcHDd2013-05-09iLF1l0o306.362097293 G643dp36807-40r2020-06-25te. 4w2020-06-25yLFDSZPréstamo en sala 0010718PDaPDbPDcHDd2012-02-01iLF1l0o306.362097293 G643dp36807-10r2020-06-25w2020-06-25yLFPDZNo se presta 0010718PDaPDbPDcHDd2012-02-01iLF1l0o306.362097293 G643dp36807-20r2020-06-25te. 2w2020-06-25yLFPDZNo se presta 001054708DSaPDbPDcHDd2015-07-07iLF1l0o306.362097293 G643dp36807-50r2020-06-25te. 5w2020-06-25yLFDSzPerteneció a la biblioteca personal de Chiqui Vicioso / Fidelio Despradel.ZPréstamo en sala c36298d36298